| 000 | 01466nam a2200421 a 4500 | ||
|---|---|---|---|
| 003 | CHAP | ||
| 005 | 20240618104325.0 | ||
| 007 | t| | ||
| 008 | 010920ds001 mx r 00010 spa d | ||
| 035 | _a98575 | ||
| 040 | _cCHAP | ||
| 090 | _aTesis | ||
| 100 | 0 | 0 | _aMoreno García, César. |
| 245 | 1 | 0 |
_aInfluencia del vertedero municipal en la contaminación del suelo, agua y vegetación del ejido de Las Casitas _c/por Cesar Moreno García |
| 264 | 1 |
_aChapingo, Méx. : _bEl autor _c2003 |
|
| 300 |
_a101h. ; _bgráfs. |
||
| 336 |
_2rdaconetido _atexto _btxt |
||
| 337 |
_2rdamedia _asinmedio _bn |
||
| 338 |
_2rdacarrier _avolumen _bnc |
||
| 500 | _aTambién disponible en línea | ||
| 502 |
_aIngeniero en Planeación y Manejo de los Recursos Naturales Renovables _cSuelos _d2003. _gLIC |
||
| 590 |
_aALEPH _b10 _c20130110 |
||
| 590 |
_aBATCH-UPD _b10 _c20130110 |
||
| 590 |
_aBATCH-UPD _b10 _c20130410 |
||
| 590 |
_aBATCH-UPD _b10 _c20130914 |
||
| 590 |
_aBATCH-UPD _b10 _c20140324 |
||
| 590 |
_aBATCH-UPD _b10 _c20141002 |
||
| 590 |
_aCONVERSION _b10 _c20130109 |
||
| 650 | 1 | 4 |
_aRecursos naturales _xConservación _xPuebla. |
| 650 | 1 | 4 |
_aSuelos _xContaminación. |
| 650 | 1 | 4 | _aVertedores. |
| 856 |
_uhttp://10.13.5.2/tesis/98575.pdf _zDESCRGAR PDF |
||
| 905 | _aAlejandra Carrasco M. | ||
| 949 |
_aTesis _bBC _cTES _d33724000883914 _eTS2 _fc.2 _h40757 _i98575 _si |
||
| 949 |
_aTesis _bBC _cTES _d985751 _eTS1 _h40756 _i98575 _sb |
||
| 999 |
_c87058 _d87058 |
||